Islamic microfinance in Cambodia: Economic impact on Poverty alleviation among households
Saved in:
| Main Author: | |
|---|---|
| Format: | Book |
| Tags: |
Add Tag
No Tags, Be the first to tag this record!
|
| LEADER | 00649nam a2200121 4500 | ||
|---|---|---|---|
| 040 | |a lcc | ||
| 100 | |9 576152 |a Alfin, Sles | ||
| 245 | |a Islamic microfinance in Cambodia: Economic impact on Poverty alleviation among households | ||
| 264 | |a Gombak, Selangor |b Kulliyyah of Economics and Management Sciences International Islamic University Malaysia |c 2021 | ||
| 942 | |2 lcc | ||
| 999 | |c 516899 |d 548316 | ||
| 952 | |0 0 |1 0 |2 lcc |4 0 |7 5 |8 IIUMTHESIS |9 1016961 |a IIUM |b IIUM |c THESIS |d 2023-07-04 |e MGIFT |p 11100484238 |r 2023-07-04 |w 2023-07-04 |y THESIS | ||
| 952 | |0 0 |1 0 |2 lcc |4 0 |7 5 |8 THESISSOFTCOPY |9 1016962 |a IIUM |b IIUM |c THESIS |d 2023-07-04 |e MGIFT |p 11100484239 |r 2023-07-04 |w 2023-07-04 |y THESISDIG | ||
